Rôles dans les loups garous de Squeezie - Statistiques

Statistiques générales
  • Ce quiz a été pris 295 fois
    267 depuis la dernière actualisation
  • Le résultat moyen est 18 sur 38
Statistiques - réponses
Camp Rôle % Correct
Loup Loup Garou
93%
Village Sorcière
90%
Village Villageois
89%
Autre Loup Garou Blanc
88%
Village Voyante
86%
Village Chasseur
82%
Village Cupidon
78%
Autre Pyromane
66%
Village Petite Fille
65%
Neutre ou village Ange
64%
Autre Assassin
58%
Loup Loup Noir
58%
Village Garde
52%
Autre Vampire
52%
Neutre Enfant
50%
Neutre Voleur
49%
Neutre Survivant
46%
Neutre Bouffon
45%
Neutre Hacker
45%
Village Corbeau
44%
Village Dictateur
43%
Village Prêtre
36%
Village Pronostiqueur
36%
Village ou loup Chien-Loup
34%
Village ou loup Enfant Sauvage
34%
Village Montreur d'Ours
32%
Loup Grand Méchant Loup
30%
Village Renard
30%
Village Chaperon Rouge
28%
Village Chasseur de Vampires
25%
Village Médium
24%
Village Pirate
24%
Neutre ou village Légionnaire
23%
Village Faucheur
22%
Village Accélérateur
21%
Village Détective
19%
Neutre Bourreau
16%
Village Magicien
13%
Aucun quiz correspondant
Distribution des résultats
% des personnes avec chaque résultat
Percentile par nombre de réponses
Votre historique - résultats
Vous n’avez pas pris ce quiz depuis la dernière actualisation